JHCSC Library Logo Welcome to JHCSC LibraryWhere Every Page Begins a New Adventure.    Vision: A leading public higher education institution serving the ASEAN community through quality, innovative, and culture-sensitive programs.    Mission: To provide relevant and responsive programs in Agriculture, Education, and other fields aligned with its vision. It undertakes applied research, extension, and production services that yield practical and lasting solutions to sector-specific challenges, improving the socio-economic well-being of identified communities.

Programming in Visual Basics 2008 (Record no. 11314)

MARC details
000 -LEADER
fixed length control field 00627nam a22002057a 4500
005 - DATE AND TIME OF LATEST TRANSACTION
control field 20260204071044.0
008 - FIXED-LENGTH DATA ELEMENTS--GENERAL INFORMATION
fixed length control field 250213b |||||||| |||| 00| 0 eng d
020 ## - INTERNATIONAL STANDARD BOOK NUMBER
International Standard Book Number 978-0-07-127195-0
040 ## - CATALOGING SOURCE
Transcribing agency jhcsc
082 ## - DEWEY DECIMAL CLASSIFICATION NUMBER
Classification number 005.1
100 ## - MAIN ENTRY--PERSONAL NAME
9 (RLIN) 10109
Personal name Bradley | Millspaugh
Relator term author
245 ## - TITLE STATEMENT
Title Programming in Visual Basics 2008
Statement of responsibility, etc. Julia Case Bradley
250 ## - EDITION STATEMENT
Edition statement International Edition 2009
260 ## - PUBLICATION, DISTRIBUTION, ETC.
Place of publication, distribution, etc. New York, NY 10020
Name of publisher, distributor, etc. McGraw-Hill Companies, Inc.
Date of publication, distribution, etc. 2009
300 ## - PHYSICAL DESCRIPTION
Extent xxviii, 676pp
500 ## - GENERAL NOTE
General note Includes Index
650 ## - SUBJECT ADDED ENTRY--TOPICAL TERM
Source of heading or term Programming in Visual Basic 2008
700 ## - ADDED ENTRY--PERSONAL NAME
9 (RLIN) 8010
Personal name Julia Case Bradley
942 ## - ADDED ENTRY ELEMENTS (KOHA)
Source of classification or shelving scheme Dewey Decimal Classification
Koha item type Book
Holdings
Withdrawn status Lost status Source of classification or shelving scheme Damaged status Not for loan Collection code Home library Current library Shelving location Date acquired Total Checkouts Full call number Barcode Date last seen Price effective from Koha item type
    Dewey Decimal Classification     Information Technology JHCSC - Canuto MS Enero Campus Library JHCSC - Canuto MS Enero Campus Library Circulation 02/04/2026   005.1B8112009 20141338 02/04/2026 02/04/2026 Book
© J.H. Cerilles State College | All Rights Reserved
Designed by Terhevic L. Bation & Gerald Biad, Library IT Staff